000 00268nam a22001337a 4500
008 171020b xxu||||| |||| 00| 0 eng d
020 _a0911625240
041 _aeng
080 _a338
100 _a54
101 _aMEN
245 _aJCL
_cECKOLS,S
942 _2udc
_cBK
999 _c35157
_d35157